• 首页
  • 本馆介绍
  • 公告通知
  • 最新文献
  • 馆藏检索
  • 电子资源
  • 读者导购
  • 参考咨询
  • 我的图书馆
  • 登录
  • 详细信息显示
  • 放入我的书架
  • 预约/预借图书
  • 作者相关作品
  • 分类相关作品
  • 丛书相关作品
  • 出版社相关作品

书目信息

  • 表格格式
  • 工作单格式
  • 卡片格式
题名:
第二次鸦片战争
    
 
作者: 齐思和 编
分册: 四  
出版信息: 上海   上海人民出版社  1978
页数: 608页
开本: 20cm
丛书名: 中国近代史资料丛刊
单 册:
中图分类: K255.06 , K255
科图分类:
主题词: 第二次鸦片战争(1856~1860)
电子资源:
ISBN:
000 00685nam2 2200253 45
001 1554089602
005 20150126150301.54
010    @dCNY2.00
091    @aCN@b11074.375
100    @a19950724d1978 em y0chiy0121 ea
101 0  @achi
102    @aCN@b310000
105    @ay z 000yy
200 10 @a第二次鸦片战争@Adi er ci ya pian zhan zheng@h四@f齐思和编
210    @a上海@c上海人民出版社@d1978
215    @a608页@d20cm
225 2  @a中国近代史资料丛刊
410  0 @120010@a中国近代史资料丛刊
606    @a第二次鸦片战争(1856~1860)
690    @aK255.06@v3
690    @aK255@v4
701  0 @a齐思和@Aqi si he@4编
801  0 @aCN@bTSSF@c20150126
905    @aZUCC@dK255@eJY9:4
    
    第二次鸦片战争.四/齐思和编.-上海:上海人民出版社,1978
    608页;20cm.-(中国近代史资料丛刊)
    
    
    ISBN :CNY2.00
    
●
相关链接 在E读中查询图书 在五车中查询图书 在当当中查询图书 在豆瓣中查询图书


正题名:第二次鸦片战争     索取号:K255/JY9:4         预约/预借

序号 登录号 条形码 馆藏地/架位号 状态 备注
1 7838693   278386934   学院路分馆/ [索取号:K255/JY9:4] 在馆    
唐山师范学院图书馆 欢迎您!
大连网信软件有限公司© 版权所有